| 000 | 00675nam a22002057a 4500 | ||
|---|---|---|---|
| 999 |
_c13393 _d13393 |
||
| 008 | 190309b ||||| |||| 00| 0 eng d | ||
| 020 | _a9781400849505 | ||
| 082 |
_22006 _aAV-Eb 573.76 _bC93 |
||
| 100 |
_aCurrey, John D. _937437 |
||
| 245 |
_aBones : _bstructure and mechanics / _cJohn D. Currey |
||
| 250 | _aSecond Edition | ||
| 260 |
_aNew Jersey: _bPrinceton University Press, _c©2006. |
||
| 300 | _a453 pages; | ||
| 500 | _aIncludes index. | ||
| 650 |
_aBiomechanics. _917241 |
||
| 650 |
_aBones. _937438 |
||
| 700 |
_aCurrey, John D. _937437 |
||
| 856 | _yhttps://ebookcentral.proquest.com/lib/uniofmindanao-ebooks/detail.action?docID=1441378 | ||
| 942 |
_2ddc _cEB |
||